LEADER 01123nam2-2200385---450- 001 990001537480203316 005 20050511114517.0 035 $a000153748 035 $aUSA01000153748 035 $a(ALEPH)000153748USA01 035 $a000153748 100 $a20040326d1980----km-y0itay0103----ba 101 0 $aeng 102 $aUS 105 $a||||||||001yy 200 1 $a<> : Guide to the east slavonic languages$fReginald George Arthur De Bray 205 $a3. ed. 210 $aColumbus$cSlavica Publishers$d1980 215 $a254 p.$d23 cm 410 0$12001 454 1$12001 461 1$1001000153743$12001 606 0 $aLingue slave-germaniche 676 $a491 700 1$aDE BRAY,$bReginald George Arthur$0560189 801 0$aIT$bsalbc$gISBD 912 $a990001537480203316 951 $aVIII.2.D. 20/3(XII F 22 3)$b2394 L.M.$cXII F 959 $aBK 969 $aUMA 979 $aSIAV3$b10$c20040326$lUSA01$h0948 979 $aPATRY$b90$c20040406$lUSA01$h1747 979 $aCOPAT3$b90$c20050511$lUSA01$h1145 996 $aGuide to the east slavonic languages$9940200 997 $aUNISA LEADER 03284nam 2200625 a 450 001 9910791975303321 005 20210518032039.0 010 $a1-283-09757-5 010 $a9786613097576 010 $a0-226-28230-9 024 7 $a10.7208/9780226282305 035 $a(CKB)2560000000072807 035 $a(EBL)686258 035 $a(OCoLC)721194455 035 $a(SSID)ssj0000524825 035 $a(PQKBManifestationID)12223089 035 $a(PQKBTitleCode)TC0000524825 035 $a(PQKBWorkID)10488156 035 $a(PQKB)10606894 035 $a(MiAaPQ)EBC686258 035 $a(DE-B1597)524417 035 $a(DE-B1597)9780226282305 035 $a(Au-PeEL)EBL686258 035 $a(CaPaEBR)ebr10468486 035 $a(CaONFJC)MIL309757 035 $a(EXLCZ)992560000000072807 100 $a20100629d2011 uy 0 101 0 $aeng 135 $aurun#---|uu|u 181 $ctxt 182 $cc 183 $acr 200 00$aPhysical processes in circumstellar disks around young stars$b[electronic resource] /$fedited by Paulo J.V. Garcia 210 $aChicago ;$aLondon $cUniversity of Chicago Press$d2011 215 $a1 online resource (437 p.) 300 $aDescription based upon print version of record. 311 0 $a0-226-28229-5 311 0 $a0-226-28228-7 320 $aIncludes bibliographical references. 327 $tFront matter --$tContents --$t1. Circumstellar Disks around Young Stars --$t2. Protoplanetary Disk Structure and Evolution --$t3. The Chemical Evolution of Protoplanetary Disks --$t4. Dust Processing and Mineralogy in Protoplanetary Accretion Disks --$t5. Disk Hydrodynamics --$t6. Magnetohydrodynamics of Protostellar Disks --$t7. The Effects of Large-Scale Magnetic Fields on Disk Formation and Evolution --$t8. The Dispersal of Disks around Young Stars --$tAcknowledgments --$tList of Contributors 330 $aCircumstellar disks are vast expanses of dust that form around new stars in the earliest stages of their birth. Predicted by astronomers as early as the eighteenth century, they weren't observed until the late twentieth century, when interstellar imaging technology enabled us to see nascent stars hundreds of light years away. Since then, circumstellar disks have become an area of intense study among astrophysicists, largely because they are thought to be the forerunners of planetary systems like our own-the possible birthplaces of planets. This volume brings 606 $aDisks (Astrophysics) 606 $aStars$xFormation 610 $anew stars, dust, circumstellar disks, space, astronomy, solar system, universe, birth of a star, astrophysics, technology, interstellar, planetary systems, planets, stellar evolution, radiation, magnetohydrodynamics, hydrodynamics, gases, chemical processes, chemistry, physics, science, nonfiction, formation, protoplanetary structure, magnetic fields, dispersal, mineralogy, accretion. 615 0$aDisks (Astrophysics) 615 0$aStars$xFormation. 676 $a523.8 701 $aGarcia$b Paulo J. V$01490373 801 0$bMiAaPQ 801 1$bMiAaPQ 801 2$bMiAaPQ 906 $aBOOK 912 $a9910791975303321 996 $aPhysical processes in circumstellar disks around young stars$93711723 997 $aUNINA